000 00776nam a22002777a 4500
001 BR9405851
003 BR-BrBNA
005 20230928094331.0
007 ta
008 230509b bl.||||| |||| 00| 0 por d
040 _aBR-BrBNA
_bpor
_cBiblioteca Nacional de Agricultura
041 _a(Por)
072 _aP40; E21
090 _ P40 BR9405851
100 1 _aAndrade, M.C. de
110 1 _aComissao de Desenvolvimento Economico de Pernambuco, Recife (Brasil)
_91976
245 1 _aO distrito industrial: condicoes climaticas
260 3 _aRecife, PE (Brasil):
_c1963.
300 _a24 p.
650 _aClimatologia
650 _aCondicao Ambiental
650 _aIndustria Agricola
650 _aPernambuco
909 _a202309
_bLucia
_c55
_dLucia Elande
942 _cBK
999 _c50125
_d50125